Statistics for War Quiz

Click here to take the quiz!

General Stats

  • This quiz has been taken 10 times
  • The average score is 3 of 15

Answer Stats

HintAnswer% Correct
Carthage, Roman EmpirePunic Wars
71%
Austria-Hungary, Ottoman Empire, British EmpireFirst World War
43%
German Reich, Soviet Union, JapanSecond World War
43%
PRC, ROC, TibetChinese Civil War
29%
Ottoman Empire, Montenegro, GreeceFirst Balkan War
29%
France, HRE, Russian EmpireNapoleonic Wars
29%
Bulgaria, Serbia, RomaniaSecond Balkan War
29%
US, British Empire, French EmpireAmerican Civil War
0%
French Empire, British EmpireAnglo-French Wars
0%
Mexico, Nicaragua, HondurasCentral America Wars
0%
Dutch Empire, British EmpireDutch-Anglo Wars
0%
Mongol Empire, China, Kyivan RusMongol Warfare
0%
Soviet Union, PolandRusso-Polish War
0%
Sweden, MuscovySwedo-Muscovite War
0%
Norway, Sweden, MuscovyWar of the Rivers
0%

Score Distribution

Percentile by Number Answered

Percent of People with Each Score

Your Score History

You have not taken this quiz